Statistiques concernant Paroles - Roule - Soprano

Cliquez ici pour prendre le quiz!

Statistiques générales

  • Ce quiz a été pris 1 458 fois
  • Le résultat moyen est 255 sur 302

Statistiques - réponses

Paroles% Correct
je
99%
Je
99%
99%
La
99%
la
99%
roule
99%
à
98%
de
98%
Le
98%
le
98%
ma
98%
Les
95%
les
95%
Au
93%
au
93%
en
93%
En
93%
Dans
92%
des
92%
et
92%
Mon
91%
mon
91%
nuit
91%
rues
90%
ville
90%
se
89%
vie
89%
boule
88%
fou
88%
mais
88%
Mais
88%
ta
88%
ventre
88%
avec
87%
Larme
87%
si
87%
l'oeil
86%
maladie
86%
me
86%
Il
85%
monde
85%
comme
84%
foutue
84%
jour
84%
tout
84%
Donc
83%
insultant
83%
lève
83%
plus
83%
refais
83%
bout
82%
Jusqu'au
81%
Tu
81%
avant
80%
l'air
80%
reprend
80%
Rien
80%
ton
80%
Ton
80%
J'accélère
79%
n'est
79%
sourire
79%
Fais
78%
fais
78%
Ils
78%
Majeur
78%
majeur
78%
quand
78%
dormir
77%
Faut
77%
gens
77%
souriant
77%
est
76%
gamelle
76%
impossible
76%
leur
76%
arrive
75%
nouvelles
75%
proches
75%
remplir
75%
trop
75%
appellent
74%
bruit
74%
milieu
74%
Oui
74%
chante
73%
danse
73%
Font
73%
prennent
73%
rire
73%
semblant
73%
ment
72%
mieux
69%
temps
69%
absence
68%
tous
68%
Tous
68%
On
67%
on
67%
j'ai
66%
souvenir
66%
va
65%
dire
64%
nous
64%
sur
64%
l'avant
63%
soirs
63%
d'aller
62%
revoir
62%
sport
62%
toi
62%
ainsi
61%
lui
61%
pense
61%
pleure
61%
repris
61%
cette
59%
paradis
59%
parfois
59%
heureux
58%
l'insomnie
58%
n'sera
58%
voulais
58%
quai
57%
douleur
56%
mènent
56%
pourquoi
56%
croit
55%
forts
55%
moins
55%
paix
55%
trains
55%
fois
54%
reposes
54%
s'demande
54%

Distribution des résultats

Percentile par nombre de réponses

% des personnes avec chaque résultat

Votre développement - résultats

Vous n’avez pas pris ce quiz